000 01777cam a2200373 i 4500
999 _c1348
_d1348
001 19695573
003 OSt
005 20221228150604.0
008 170608s2018 onc j 001 0 eng
010 _a 2017024410
020 _a9780778781097 (pbk.)
040 _aDLC
_beng
_cDLC
_erda
_dDLC
_dKH8
042 _apcc
043 _aa-vt---
082 0 0 _a394.269597 LAB
_223
100 1 _aLabrie, Julia,
_eauthor.
245 1 0 _aCultural traditions in Vietnam /
_cJulia Labrie.
264 1 _aSt. Catharines, Ontario ;
_aNew York, New York :
_bCrabtree Publishing,
_c2018.
300 _a32 pages :
_bcolor illustrations ;
_c28 cm.
336 _atext
_btxt
_2rdacontent
337 _aunmediated
_bn
_2rdamedia
338 _avolume
_bnc
_2rdacarrier
490 0 _aCultural traditions in my world
500 _aIncludes index.
505 0 _aWelcome to Vietnam -- Celebrating with lunar calendar -- Gathering the family -- Celebrating weddings -- The Vietnamese New Year -- Perfume Pagoda Festival -- Hung Kings Festival -- Thay Pagoda Festival -- Reunification Day -- Buddha's birthday -- Festivals for ancestors and the deceased -- Independence Day -- Mid-autumn festival -- Christmas and International New Year.
521 1 _aAge 5-8.
521 2 _aGrade K to 3.
650 0 _aFestivals
_zVietnam
_vJuvenile literature.
651 0 _aVietnam
_xSocial life and customs
_vJuvenile literature.
776 0 8 _iOnline version:
_aLabrie, Julia, author.
_tCultural traditions in Vietnam
_dSt. Catharines, Ontario ; New York, New York : Crabtree Publishing, 2018
_z9781427119568
_w(DLC) 2017027912
906 _a7
_bcbc
_corignew
_d1
_eecip
_f20
_gy-gencatlg
942 _2ddc
_cNFIC